000 00550nam a2200205Ia 4500
005 20250923150252.0
008 008 250917s9999 xx 000 0 eng d
037 _aTextual
040 _aDSWL
_beng
_cDSWL
041 _aeng
_2eng
084 _aX:8, P3
_qDSWL
100 _aKaen, Fred R
_9844119
245 0 _aBlueprint for corporate goverance
_cby Fred R Kaen
260 _aNew York
_b AMACOM
_c2003
300 _a225 p.
365 _aUSD
_b29 . 95
925 _g29 . 95
942 _cTEXL
_hX:8, P3
999 _c1461500
_d1461500